000 01332nam a2200301 i 4500
003 EG-GICUC
005 20260127153855.0
008 260127s1961 ua da||fr|||| 000 0 ara d
040 _a EG-GICUC
_c EG-GICUC
_d EG-GICUC
_erda
041 0 _aara
082 0 4 _a343.422
_bب غ
_221
092 0 4 _221
099 _aLaw1 10 343.422 ب غ 1961 1006400
110 1 _aمصر.
_bالمركز القومي للبحوث الاجتماعية والجنائية
245 0 0 _aالبغاء في القاهرة :
_bمسح اجتماعي ودراسة أكلينيكية /
_cالمركز القومي للبحوث الاجتماعية والجنائية.
264 _aالقاهرة :
_bالمركز القومي للبحوث الاجتماعية والجنائية,
_c1961.
300 _a270 صفحة :
_bجداول, رسوم بيانية, إيضاحيات ؛
_c24 سم.
336 _2rda content
_atext
337 _2rda media
_aComputer
338 _2rda carrier
_aOnline Resource
504 _aيشتمل على إرجاعات ببليوجرافية.
546 _aالنص باللغة العربية
650 1 _a التشريعات المتعلقة بالدعارة والبغاء.
_2qrmak
651 1 _2qrmak
856 4 0 _uhttps://fll.law.cu.edu.eg/fulltext/bks/B10-06400.pdf
905 _a18
942 _2ddc
_n0
_cBK
_e21
999 _c59641
_d59641